| 000 | 00937cam a22003014a 4500 | ||
|---|---|---|---|
| 001 | 16492002 | ||
| 005 | 20131031100707.0 | ||
| 007 | co |g||||||||| | ||
| 008 | 101006s2012 maua rb 001 0 eng | ||
| 010 | _a 2010040050 | ||
| 020 | _a144961552X (casebound) | ||
| 020 | _a9781449615529 (casebound) | ||
| 035 | _a(OCoLC)ocn669269787 | ||
| 042 | _apcc | ||
| 050 | 0 | 0 |
_aQA267.3 _b.L56 2012 |
| 082 | 0 | 0 |
_a005.131 _222 _bLIN |
| 100 | 1 |
_aLinz, Peter. _913062 |
|
| 245 | 1 | 3 |
_aAn introduction to formal languages and automata / _cPeter Linz. |
| 250 | _a5th ed. | ||
| 260 |
_aSudbury, MA : _bJones & Bartlett Learning, _c2012. |
||
| 300 |
_axiii, 437 p. : _bill. ; _c25 cm. + _e1 CD-ROM (4 3/4 in.) |
||
| 504 | _aIncludes bibliographical references (p. 431) and index. | ||
| 650 | 0 |
_aFormal languages. _934326 |
|
| 650 | 0 |
_aMachine theory. _934327 |
|
| 653 |
_bCS _cOctober2013 |
||
| 655 |
_vreading book _934232 |
||
| 942 |
_2ddc _cBB |
||
| 999 |
_c17719 _d17691 |
||